<The> art of R programming <a> tour of statistical software design
Gespeichert in:
| 1. Verfasser: | |
|---|---|
| Format: | Buch |
| Sprache: | Englisch |
| Veröffentlicht: |
San Francisco
No starch press
2011
|
| Schlagworte: | |
| Tags: |
Keine Tags, Fügen Sie das erste Tag hinzu!
|
MARC
| LEADER | 00000nam a2200000 4500 | ||
|---|---|---|---|
| 001 | 0193055 | ||
| 005 | 20240313132731.4 | ||
| 020 | |a 978-1-59327-384-2 | ||
| 041 | 0 | |a eng | |
| 044 | |a US | ||
| 245 | 1 | 0 | |a <The> art of R programming |b <a> tour of statistical software design |c by Norman Matloff |
| 264 | 1 | |a San Francisco |b No starch press |c 2011 | |
| 300 | |a 373 s. | ||
| 610 | 2 | 0 | |a programovanie |
| 610 | 2 | 0 | |a štatistika |
| 610 | 2 | 0 | |a analýza štatistická |
| 610 | 2 | 0 | |a softvér |
| 610 | 2 | 0 | |a využitie počítačov |
| 610 | 2 | 0 | |a programy počítačové |
| 100 | 1 | |a Matloff, Norman | |